Normal view
MARC view
- Ex-convicts
Entry Topical Term
001 - CONTROL NUMBER
- control field: 11985
003 - CONTROL NUMBER IDENTIFIER
- control field: NUST
005 - DATE AND TIME OF LATEST TRANSACTION
- control field: 20180724115450.0
008 - FIXED-LENGTH DATA ELEMENTS
- fixed length control field: 180724|| aca||aabn | a|a d
040 ## - CATALOGING SOURCE
- Original cataloging agency: NUST
- Transcribing agency: NUST
150 ## - HEADING--TOPICAL TERM
- Topical term or geographic name entry element: Ex-convicts
- Form subdivision: Fiction.
670 ## - SOURCE DATA FOUND
- Source citation: Work cat.: (NUST)174381: Clark, Mary Higgins. 11983, Daddy's little girl /, 2002.
